00548nam a2200205 a 4500001001300000003000900013005001700022008004100039020002300080082001700103100002100120245003900141260003300180300000900213500003500222505002400257650002700281650001300308700002100321nice12345678IN_TiNIC20260116013152.0050524s1988 newa grp 000 0 eng  a0883440 c98000a230.046bSHO aShorter, Aylward aToward a Theology of Inculturation aNew YorkbOrbis Books c1988 a291p aincludes index and biblioraphy2 aBibliography, Index aTheology-Inculturation aMissions1 aShorter, Aylward